| 000 | 00475nam a22001817a 4500 | ||
|---|---|---|---|
| 001 | TVUNI | ||
| 005 | 20260126014638.0 | ||
| 008 | 221102s2009 vm vie d | ||
| 020 | _c35000 | ||
| 040 |
_aTVUNI _eAACR2 |
||
| 041 | 0 | _avie | |
| 100 | 1 | _aPhạm, Văn Khoan | |
| 245 | 1 | 0 |
_aBài tập Quản lý tài chính công / _cPhạm Văn Khoan |
| 260 |
_aHà Nội : _bTài Chính, _c2009 |
||
| 300 |
_a194 tr. ; _c21 cm. |
||
| 942 |
_2ddc _cBK |
||
| 999 |
_c2227 _d2227 |
||
| 912 |
_a1 _bHiển Phạm |
||